| 000 | 00836cam a2200229 4500 | ||
|---|---|---|---|
| 008 | 090401t1988 xxu||||| |||| 00| 0 eng d | ||
| 020 | _a0906182352 | ||
| 035 | _a(Sirsi) u17566 | ||
| 041 | _aeng | ||
| 050 | _a690.24 | ||
| 110 |
_aBuilding Maintenance Information Ltd _92307 |
||
| 245 | 4 | _aThe economic significance of maintenance :maintenance expenditure 1976-1986 | |
| 260 |
_aKingston-upon-Thame s _bBuilding Maintenance Information Ltd _c1988 |
||
| 300 | _a19p. ; 30cm. | ||
| 350 | _a0 | ||
| 490 |
_aSerial _v165: BMI Special Report |
||
| 520 | _aThis item is part of a subscription service and cannot be photocopied, neither can any part of it be read out over the phone. Please contact BMI direct on 0171-222-7000 for details. | ||
| 650 | _aBMI | ||
| 650 |
_aRefurbishment _96264 |
||
| 942 | _n0 | ||
| 948 | _c04/03/1997 | ||
| 999 |
_c87527 _d87527 |
||